Energy policies of IEA countries Australia 2001 review

Salvato in:
Dettagli Bibliografici
Ente Autore: OECD. International Energy Agency
Natura: Libro
Lingua:inglese
Pubblicazione: Paris OECD/IEA 2001
Soggetti:
Tags: Aggiungi Tag
Nessun Tag, puoi essere il primo ad aggiungerne!!

MARC

LEADER 00000nam a2200000 4500
001 c126848
005 20221124103019.9
020 |a 92-64-18733-2 
041 0 |a eng 
044 |a FR 
245 1 0 |a Energy policies of IEA countries  |b Australia 2001 review 
264 1 |a Paris  |b OECD/IEA  |c 2001 
300 |a 167 s. 
610 2 0 |a energetika 
610 2 0 |a výroba energie 
610 2 0 |a zdroje energie 
610 2 0 |a trh 
610 2 0 |a prostredie životné 
610 2 0 |a uhlie 
610 2 0 |a nafta 
610 2 0 |a plyn 
610 2 0 |a elektrina 
610 2 0 |a výskum 
610 2 0 |a bilancie 
610 2 0 |a údaje štatistické 
610 2 0 |a svet 
610 2 0 |a Austrália 
710 2 |a OECD. International Energy Agency